La francophonie s'éveille / (Record no. 13093)

000 -LEADER
fixed length control field 00546cam a2200193 a 4500
020 ## - INTERNATIONAL STANDARD BOOK NUMBER
ISBN 2701307449 :
040 ## - CATALOGING SOURCE
Transcribing agency DLC
082 00 - DEWEY DECIMAL CLASSIFICATION NUMBER
Classification number 303 BER 1988 A014 Or.
100 1# - MAIN ENTRY--AUTHOR NAME
Personal name Guillou, Michel.
245 13 - TITLE STATEMENT
Title La francophonie s'éveille /
260 ## - PUBLICATION, DISTRIBUTION, ETC. (IMPRINT)
Place of publication Paris :
Name of publisher Berger-Levrault,
Year of publication c1988.
300 ## - PHYSICAL DESCRIPTION
Number of Pages 263 p. ;
Dimensions 24 cm.
490 1# - SERIES STATEMENT
Series statement Collection Mondes en devenir ;
-- Série Bâtisseurs d'avenir ;
650 #0 - SUBJECT ADDED ENTRY--TOPICAL TERM
Topical Term International cooperation.
650 #0 - SUBJECT ADDED ENTRY--TOPICAL TERM
Topical Term Civilization, Modern
650 #0 - SUBJECT ADDED ENTRY--TOPICAL TERM
Topical Term French language
700 1# - ADDED ENTRY--PERSONAL NAME
Personal name Littardi, Arnaud.
942 ## - ADDED ENTRY ELEMENTS (KOHA)
Koha item type សៀវភៅភាសាអង់គ្លេស
952 ## - LOCATION AND ITEM INFORMATION (KOHA)
Withdrawn status [LOCAL, KOHA] 0
Holdings
Permanent Location Date acquired Koha item type Lost status Shelving location Barcode Current Location Full call number
Library Block A2017-08-19សៀវភៅភាសាអង់គ្លេស A014a18824Library Block A303 BER 1988 A014 Or.
មជ្ឈមណ្ឌលឯការនៃសាកលវិទ្យាល័យភូមិន្ទកសិកម្មចំការដូង

Powered by Koha